El legado de Darwin : qué significa hoy la evolución /

Guardado en:
Autor Principal: Dupré, John.
Formato: Libro
Idioma:Spanish
Publicado: Buenos Aires : Katz, 2006.
Series:Difusión
Materias:
Etiquetas: Agregar Etiqueta
Sin Etiquetas, Sea el primero en etiquetar este registro!
LEADER 00553nam a22001695a 4500
001 EEA.libagro007657
005 20180423124209.0
008 130809s2006####ag############000#0#spa#d
020 |a 9871283180 
082 0 4 |a 575.01 
100 1 |a Dupré, John. 
245 1 3 |a El legado de Darwin :  |b qué significa hoy la evolución /  |c John Dupré ; traducido por Mirta Rosenberg. 
260 |a Buenos Aires :  |b Katz,  |c 2006. 
300 |a 202 p. ;  |c 17 cm. 
490 1 |a Difusión 
600 1 7 |a Darwin, Charles,  |d 1809-1882. 
859 |a AR-BbBCA  |b BIB. AGRONOMIA  |h 575.01  |i D942  |p 2006/5046